• 首页
  • 本馆介绍
  • 公告通知
  • 最新文献
  • 馆藏检索
  • 电子资源
  • 读者导购
  • 参考咨询
  • 我的图书馆
  • 登录
  • 详细信息显示
  • 放入我的书架
  • 预约/预借图书
  • 作者相关作品
  • 分类相关作品
  • 丛书相关作品
  • 出版社相关作品

书目信息

  • 表格格式
  • 工作单格式
  • 卡片格式
题名:
高颎大传
    
 
作者: 彭炳今 , 陈建中 撰稿
分册:  
出版信息: 哈尔滨   黑龙江人民出版社  2005
页数: 226页
开本: 20cm
丛书名: 开国重臣大传
单 册:
中图分类: K827=41
科图分类:
主题词:
电子资源:
ISBN: 7-207-03119-X
000 00988oam2 2200289 45
001 012005400050
005 20070708153426.81
010    @a7-207-03119-X@dCNY285.00(全11册)
092    @aCN@b155973
100    @a20050721d2005 em y0chiy0120 ea
101 0  @achi
102    @aCN@b230000
105    @ay z 000yb
200 1  @a高颎大传@Agao yi da zhuan@f彭炳今,陈建中撰稿@Fpeng bing jin, chen jian zhong zhuan gao
205    @a2版
210    @a哈尔滨@c黑龙江人民出版社@d2005
215    @a226页@d20cm
225 2  @a开国重臣大传@f戴逸总主编
330    @a本书讲述的内容,完全根所史实。对问题的看法以及对人物的评价,或基于作者本人的研究,或吸收学界的成果,力求科学、实事求事,介绍了高颖一生的生平事迹。
461  0 @12001 @a开国重臣大传
600  0 @a高颎@f551~607@x传记
600  0 @a高颎@f551~607
690    @aK827=41@v4
701  0 @a彭炳今@Apeng bing jin@4撰稿
701  0 @a陈建中@Achen jian zhong@4撰稿
801  0 @aCN@bLZJBOOK@c20070708
905    @a10447@dK827=41@e438=2
    
    高颎大传/彭炳今,陈建中撰稿.-2版.-哈尔滨:黑龙江人民出版社,2005
    226页;20cm.-(开国重臣大传/戴逸总主编)
    
    
    ISBN 7-207-03119-X:CNY285.00(全11册)
    本书讲述的内容,完全根所史实。对问题的看法以及对人物的评价,或基于作者本人的研究,或吸收学界的成果,力求科学、实事求事,介绍了高颖一生的生平事迹。
●
相关链接 在E读中查询图书 在五车中查询图书 在当当中查询图书 在豆瓣中查询图书


正题名:高颎大传     索取号:K827=41/438=2         预约/预借

序号 登录号 条形码 馆藏地/架位号 状态 备注
1 0566334   205663343   第二样本阅览室/ [索取号:K827=41/438=2] 在馆    
2 0566335   205663352   第二借阅区/ [索取号:K827=41/438=2] 在馆    
3 0566336   205663361   第二借阅区/ [索取号:K827=41/438=2] 在馆    
4 0566337   205663370   第二借阅区/ [索取号:K827=41/438=2] 在馆    
5 0566338   205663389   第二借阅区/ [索取号:K827=41/438=2] 在馆    
6 0566339   205663398   第二借阅区/ [索取号:K827=41/438=2] 在馆    
唐山师范学院图书馆 欢迎您!
大连网信软件有限公司© 版权所有